000 00805nam a2200277 i 4500
001 C2-0323843
003 PPAK
005 20180728122324.0
008 970115s1990 my |||| ||||| | may d
020 _a9679641716
040 _aPPAK
_beng
_cPPAK
_erda
082 0 4 _a297
_223
090 0 0 _a297
_bAMA
_dK
110 2 _aSidang Pengarang Penerbitan 'Asa
245 0 0 _aAmalan bulan Ramadan :
_bRamadan
264 1 _aKuala Lumpur :
_bPenerbitan 'Asa ,
_c1990
300 _a44 pages ;
_c21 cm
336 _2rdacontent
_atext
337 _2rdamedia
_aunmediated
338 _2rdacarrier
_avolume
490 1 _aSDir amalan bulan-bulan Islam
650 1 0 _aIslamic stories, Malay
710 2 _aSidang Pengarang Penerbitan 'Asa
_eorganizer
830 0 _aSDir amalan bulan-bulan Islam
942 _ddc
_cB
999 _c123853
_d123853